Państwa produkujące najwiecej cukru - Statystyki

Ogólne statystyki
  • Ten quiz został rozwiązany 177 razy
  • Średni wynik to 10 z 15
Statystyki odpowiedzi
Tony Odpowiedź % Poprawnych
11 517 000 Chiny
98%
7 666 000 Stany zjednoczone
95%
37 300 000 Brazylia
93%
26 605 000 Indie
87%
5 249 339 Rosja
87%
4 692 000 Francja
82%
6 021 292 Meksyk
80%
4 563 808 Niemcy
80%
4 364 000 Australia
73%
2 378 765 Kolumbia
61%
2 262 000 Ukraina
61%
6 103 000 Pakistan
49%
10 024 000 Tajlandia
40%
2 321 000 Filipiny
31%
2 734 400 Gwatemala
25%
Nie znaleziono quizów pasujących do podanych kryteriów
Rozkład punktacji
Procent ludzi z każdym wynikiem
Percentyl według liczby udzielonych odpowiedzi
Twoja historia wyników
Nie rozwiązałeś tego quizu